000 002840000a22000970004500
100 1 _aBaumgarten, Joseph M.
245 1 0 _aThe calendars of the book of jubilees and the temple scroll
300 _aVol. 37, Num 1 (Enero, 1987), Páginas 71-77
773 0 _tVetus Testamentum
942 _cANA
999 _c57285
_d57285